| 000 | 00619nam a2200205 a 4500 | ||
|---|---|---|---|
| 001 | 000034915 | ||
| 005 | 20200930074002.0 | ||
| 008 | 111021s1987 mx a 000 0 spa d | ||
| 020 | _a9683800084 | ||
| 040 |
_aDO-SdBNP _bspa _cBNPHU |
||
| 082 |
_axxxx _bxxxx |
||
| 100 | 1 |
_aCarillo A., Rafael _960481 |
|
| 245 | 1 | 0 |
_aPosada y el grabado mexicano / _cRafael Carrillo A. |
| 250 | _a4a ed. | ||
| 260 |
_aMéxico, : _bEditorial panorama, _c1987. |
||
| 300 |
_a156 p. : _bil. ; _c18 cm. |
||
| 490 | 1 | _aPanorama | |
| 590 | _aPerteneció a la biblioteca personal de Juan Isidro Jimenes Grullón | ||
| 830 | 0 |
_aPanorama _920255 |
|
| 999 |
_c34406 _d34406 |
||